Logo

Description automatically generated
विद्यार्जन
 संसाधन केंद्र, भारतीय प्रौद्योगिकी संस्थान इन्दौर
Learning Resource Center, Indian Institute of Technology Indore

ऑनलाइन सार्वजनिक अभिगम प्रसूची
Online Public Access Catalogue (OPAC)

The world, the text, and the critic (Record no. 57269)

MARC details
000 -LEADER
fixed length control field 00528nam a2200193Ia 4500
005 - DATE AND TIME OF LATEST TRANSACTION
control field 20260629163253.0
008 - FIXED-LENGTH DATA ELEMENTS--GENERAL INFORMATION
fixed length control field 260629s9999||||xx |||||||||||||| ||und||
020 ## - INTERNATIONAL STANDARD BOOK NUMBER
International Standard Book Number 0674961870
Qualifying information pbk
020 ## - INTERNATIONAL STANDARD BOOK NUMBER
International Standard Book Number 9780674961876
Qualifying information pbk
082 ## - DEWEY DECIMAL CLASSIFICATION NUMBER
Classification number 801.95
Item number SAI
100 ## - MAIN ENTRY--PERSONAL NAME
Personal name Said, Edward W.
245 #4 - TITLE STATEMENT
Title The world, the text, and the critic
250 ## - EDITION STATEMENT
Edition statement c. 1983
260 ## - PUBLICATION, DISTRIBUTION, ETC.
Place of publication, distribution, etc. Cambridge
Name of publisher, distributor, etc. Harvard University Press
Date of publication, distribution, etc. 1983
300 ## - PHYSICAL DESCRIPTION
Extent vi, 327p. ; 22cm.
653 ## - INDEX TERM--UNCONTROLLED
Uncontrolled term Criticism
653 ## - INDEX TERM--UNCONTROLLED
Uncontrolled term Literature--History and criticism
942 ## - ADDED ENTRY ELEMENTS (KOHA)
Koha item type Book
Holdings
Withdrawn status Lost status Damaged status Not for loan Home library Current library Shelving location Date acquired Source of acquisition Total Checkouts Full call number Barcode Date last seen Price effective from Koha item type
        LRC, IIT Indore LRC, IIT Indore 2nd Floor - General Stack 29/06/2026 Gratis Book Price: USD 6.68   801.95 SAI G2494 29/06/2026 29/06/2026 Book
Copyright © 2017-2026 Indian Institute of Technology Indore. All Rights Reserved.
Managed & maintained by Learning Resource Center, IIT Indore